Cuaderno 10 (XXXIII) 1932-1935: La filosofía de Benedetto Croce /
Uloženo v:
| Hlavní autor: | |
|---|---|
| Médium: | Text |
| Tagy: |
Přidat tag
Žádné tagy, Buďte první, kdo vytvoří štítek k tomuto záznamu!
|
MARC
| LEADER | 00000 a a2200000 04500 | ||
|---|---|---|---|
| 001 | 45615 | ||
| 003 | |||
| 040 | |||
| 020 | |a 968-411-147-9 | ||
| 090 | |a 03.03.01 G747c T4 | ||
| 100 | |a Gramsci, Antonio | ||
| 245 | |a Cuaderno 10 (XXXIII) 1932-1935: |b La filosofía de Benedetto Croce / |c Antonio Gramsci | ||
| 773 | |g (1986), Páginas 111-234 | ||
| 999 | |c 31918 |d 31918 | ||



